Preparing for collective bargaining - II (Record no. 480855)

000 -LEADER
fixed length control field 00482cam a22001337a 4500
008 - FIXED-LENGTH DATA ELEMENTS--GENERAL INFORMATION
fixed length control field 180718b1961 xxu||||| |||| 00| 0 eng d
082 ## - DEWEY DECIMAL CLASSIFICATION NUMBER
Classification number R83 N213p
245 ## - TITLE STATEMENT
Title Preparing for collective bargaining - II
Statement of responsibility, etc. by National Industrial Conference Board, U.S.A.
260 ## - PUBLICATION, DISTRIBUTION, ETC.
Place of publication, distribution, etc. New York
Name of publisher, distributor, etc. National Industrial Conference Board
Date of publication, distribution, etc. 1961
300 ## - PHYSICAL DESCRIPTION
Extent 125p.
500 ## - GENERAL NOTE
General note Studies in Personnel Policy; no.182
650 ## - SUBJECT ADDED ENTRY--TOPICAL TERM
Topical term or geographic name entry element Collective Bargaining
700 ## - ADDED ENTRY--PERSONAL NAME
Personal name U.S.A. National Industrial Conference Board
Holdings
Withdrawn status Lost status Damaged status Not for loan Permanent Location Current Location Date acquired Full call number Barcode Date last seen Price effective from Koha item type
        Indian Institute of Public Administration Indian Institute of Public Administration 2018-08-04 R83 N213p GR4966 2018-08-04 2018-08-04 GR

Powered by Koha